BIBLIOTHÈQUE DE LA MAISON DU MEXIQUE

Logo 1 Logo 2

Historia de la India (notice nᵒ 2261)

détails MARC
000 -Sello discográfico
campo de control de longitud fija 01301nam a2200373 4500
005 - Identificación de versión
campo de control 20251016083245.0
035 ## - Otros números de control del sistema
Número de control del sistema 8028
099 ## - fechas locales
Tipo de ítem Koha LIBRO
100 ## - Datos de procesamiento general
Datos de procesamiento general 19971215d1969 m y1spay5003 ba
101 ## - Idioma del recurso
Idioma del texto, banda sonora, etc. Español; Castellano
Idioma de la obra original Inglés
105 ## - Campo de datos codificados: Material textual, monográfico
Datos codificados de monografía a 001zy
200 1# - Título y mención de responsabilidad
Título propio Historia de la India
Designación general del material texto impreso
Primer mención de responsabilidad Romila Thapar, Percival Spear
Declaración de responsabilidad subsiguiente traducción Carlos Villegas García
205 ## - Declaración de edición
Declaración de edición 1a ed
210 ## - Publicación, distribución, etc.
Lugar de publicación, distribución, etc. México
Nombre del editor, distribuidor, etc. Fondo de Cultura Económica
Fecha de publicación, distribución, etc. 1969
215 ## - Descripción física
Designación de material específico y extensión del ítem 2 v
Otras características físicas il.
Dimensiones 17 cm
300 ## - Notas generales
Texto de la nota La biblioteca cuenta con el v.1 / Romila Tahpar y el v.2. / Percival Spear
320 ## - Nota de índices/bibliografías internas
Texto de la nota Incluye bibliografía general y notas bibliográficas sobre las fuentes
345 ## - Nota de información de adquisición
Fuente de adquisición/dirección de la suscripción [OBSOLETO] Donación
410 #1 - Series
Título Breviarios del Fondo de Cultura Económica
Número de volumen 206-207
454 #1 - Traducción de
Título A History of India
607 ## - Nombre geográfico utilizado como tema
Elemento de entrada India
Subdivisión temática Historia
Subdivisión cronológica Hasta 1526
Número Koha 5320
660 ## - Código de área geográfica
Código MX
700 ## - Nombre personal - Responsabilidad primaria
Elemento de entrada Tahpar
Parte del nombre distinta del elemento de entrada Romila
Fechas 1931-
Número Koha 5321
701 ## - Nombre personal - Responsabilidad alternativa
Elemento de entrada Spear
Parte del nombre distinta del elemento de entrada Thomas George Percival
Fechas 1901-1982
Número Koha 5322
702 ## - Nombre personal - Responsabilidad secundaria
Elemento de entrada Villegas García
Parte del nombre distinta del elemento de entrada Carlos
Número Koha 5323
801 #0 - Fuente de origen
País FR
Agencia cm
Reglas de catalogación (convenciones descriptivas) AFNOR
900 ## -
-- 1/15002
900 ## -
-- 710976586\\151297
942 ## - ELEMENTOS DE ENTRADA SECUNDARIOS (KOHA)
Tipo de ítem Koha Livre
996 ## -
-- MEX
-- 751145101
-- MMAG
-- 004670
-- 082.1 B846 V.206
-- 20210423LIV
996 ## -
-- MEX
-- 751145101
-- MMAG
-- 004671
-- 082.1 B846 V.207
-- 20210423LIV
Exemplaires
Estatus retirado Estado de daño Estado de pérdida Fecha de adquisición Biblioteca de origen Biblioteca actual Ubicación en estantería Código de barras Precio de reemplazo Signatura topográfica completa No para préstamo Tipo de ítem Koha Nota pública Nota no pública
      05/08/2025 Casa México Paris Casa México Paris   004670 05/08/2025 082.1 B846 V.206   Livre 20210423LIV 751145101
      05/08/2025 Casa México Paris Casa México Paris   004671 05/08/2025 082.1 B846 V.207   Livre 20210423LIV 751145101